Les dinosaures - Que mangeaient-ils ? - Statistiques

Statistiques générales
  • Ce quiz a été pris 264 fois
  • Le résultat moyen est 30 sur 40
Statistiques - réponses
Question Tuile Select % Correct
Le vélociraptor était... CARNIVORE Oui
99%
Le vélociraptor était... HERBIVORE Non
99%
Le tyrannosaure rex était... CARNIVORE Oui
98%
Le tyrannosaure rex était... HERBIVORE Non
97%
Le diplodocus était... CARNIVORE Non
96%
Le tricératops était... HERBIVORE Oui
96%
Le diplodocus était... HERBIVORE Oui
96%
Le carnotaurus était... CARNIVORE Oui
95%
Le bronchiosaure était... HERBIVORE Oui
95%
Le carnotaurus était... HERBIVORE Non
95%
Le bronchiosaure était... CARNIVORE Non
94%
Le tricératops était... CARNIVORE Non
94%
Le spinosaure était... CARNIVORE Oui
92%
Le spinosaure était... HERBIVORE Non
91%
L'allosaure était... CARNIVORE Oui
90%
L'allosaure était... HERBIVORE Non
88%
Le lusotitan était... HERBIVORE Oui
87%
Le lusotitan était... CARNIVORE Non
85%
Le mamenchisaure était... HERBIVORE Oui
83%
L'oviraptor était... CARNIVORE Oui
81%
Le mamenchisaure était... CARNIVORE Non
80%
Le cetiosaure était... HERBIVORE Oui
79%
Le cetiosaure était... CARNIVORE Non
77%
L'apatosaure était... HERBIVORE Oui
77%
L'apatosaure était... CARNIVORE Non
74%
Le albertosaure était... CARNIVORE Oui
74%
Le albertosaure était... HERBIVORE Non
73%
Le kronosaure était... CARNIVORE Oui
71%
L'oviraptor était... HERBIVORE Non
71%
Le kronosaure était... HERBIVORE Non
67%
Le psittacosaure était... HERBIVORE Oui
65%
Le psittacosaure était... CARNIVORE Non
62%
Le spinophorosaure était... HERBIVORE Oui
45%
Le spinophorosaure était... CARNIVORE Non
43%
L'elaphrosaure était... CARNIVORE Oui
35%
L'elaphrosaure était... HERBIVORE Non
31%
Le gallimimus était... CARNIVORE Oui
27%
Le gallimimus était... HERBIVORE Non
23%
Le segnosaure était... CARNIVORE Oui
19%
Le segnosaure était... HERBIVORE Non
16%
Aucun quiz correspondant
Distribution des résultats
% des personnes avec chaque résultat
Percentile par nombre de réponses
Votre historique - résultats
Vous n’avez pas pris ce quiz